[Event "Abe Yanofsky mem."]
[Site "Winnipeg CAN"]
[Date "2004.09.05"]
[Round "3"]
[White "Melamedoff, Gustavo"]
[Black "Baragar, Fletcher"]
[Result "1/2-1/2"]
[WhiteElo "2044"]
[BlackElo "2253"]
[PlyCount "67"]
[GameId "2160767911069468"]
[EventDate "2004.09.04"]
[EventType "swiss"]
[EventRounds "6"]
[EventCountry "CAN"]

1. e4 e6 2. d4 d5 3. Nc3 Bb4 4. e5 c5 5. a3 Bxc3+ 6. bxc3 Ne7 7. Nf3 Qa5 8. Qd2 Nbc6 9. Rb1 cxd4 10. cxd4 Qxd2+ 11. Bxd2 b6 12. Bd3 Bd7 13. O-O f6 14. Rfe1 O-O 15. exf6 gxf6 16. Bh6 Rfe8 17. Re3 Kh8 18. Rbe1 Rg8 19. Bf4 Rg4 20. Bd6 Rag8 21. g3 R4g7 22. Bxe7 Nxe7 23. Nh4 Rg4 24. Nf3 Rc8 25. h3 Rgg8 26. Nd2 Nc6 27. Bb5 Rc7 28. Bxc6 Rxc6 29. c3 Kg7 30. f4 Bc8 31. Kf2 h5 32. h4 Kg6 33. Rc1 Rg7 34. Nb1 1/2-1/2

[Event "Abe Yanofsky mem."]
[Site "Winnipeg CAN"]
[Date "2004.09.05"]
[Round "3"]
[White "Milord, Frank"]
[Black "Greenberg, Harley"]
[Result "1-0"]
[WhiteElo "1541"]
[BlackElo "1781"]
[PlyCount "73"]
[GameId "2160767911069469"]
[EventDate "2004.09.04"]
[EventType "swiss"]
[EventRounds "6"]
[EventCountry "CAN"]

1. e4 c5 2. Nf3 Nc6 3. d4 cxd4 4. Nxd4 Nf6 5. Nc3 e5 6. Ndb5 d6 7. Bg5 a6 8. Na3 b5 9. Nd5 Be7 10. Bxf6 Bxf6 11. c3 Bb7 12. Nc2 Bg5 13. a4 bxa4 14. Rxa4 O-O 15. h4 Bh6 16. Bd3 f5 17. Qe2 Ne7 18. Nxe7+ Qxe7 19. h5 Qg5 20. O-O f4 21. Qf3 Rae8 22. Nb4 Bc8 23. Be2 Be6 24. Rxa6 d5 25. Nxd5 Bxd5 26. exd5 e4 27. Qg4 Qxg4 28. Bxg4 f3 29. Be6+ Kh8 30. b4 e3 31. fxe3 Bxe3+ 32. Kh1 f2 33. g3 Bd2 34. Rc6 g6 35. hxg6 hxg6 36. Kg2 Be1 37. Rc7 1-0

[Event "Abe Yanofsky mem."]
[Site "Winnipeg CAN"]
[Date "2004.09.05"]
[Round "3"]
[White "Nikouline, Alexandre"]
[Black "Babb, Jeff"]
[Result "1/2-1/2"]
[WhiteElo "2000"]
[BlackElo "2136"]
[PlyCount "87"]
[GameId "2160767911069470"]
[EventDate "2004.09.04"]
[EventType "swiss"]
[EventRounds "6"]
[EventCountry "CAN"]

1. e4 e5 2. Nf3 Nc6 3. Bb5 a6 4. Ba4 Nf6 5. O-O Nxe4 6. d4 b5 7. Bb3 d5 8. dxe5 Be6 9. c3 Bc5 10. Nbd2 O-O 11. Bc2 Bf5 12. Nb3 Bg6 13. Nxc5 Nxc5 14. Bf4 Ne6 15. Bg3 d4 16. Bxg6 hxg6 17. cxd4 Ncxd4 18. Nxd4 Qxd4 19. Qc2 Rfd8 20. Rfd1 Qb6 21. Rac1 Rxd1+ 22. Rxd1 Rd8 23. Rxd8+ Nxd8 24. Bf4 Ne6 25. Bd2 Qd4 26. Bc3 Qd5 27. a3 c5 28. Qd2 Nf4 29. Qxd5 Nxd5 30. Bd2 Kf8 31. f4 Ke7 32. Kf2 Ke6 33. g4 Nb6 34. b3 c4 35. bxc4 Nxc4 36. Bb4 g5 37. fxg5 a5 38. Bc3 Nxa3 39. Bxa5 Nc4 40. Bc3 Nxe5 41. Kg3 f6 42. gxf6 gxf6 43. h4 Nd3 44. h5 1/2-1/2

[Event "Abe Yanofsky mem."]
[Site "Winnipeg CAN"]
[Date "2004.09.05"]
[Round "3"]
[White "Podmoroff, Yuri"]
[Black "Tetrault, Claude"]
[Result "1/2-1/2"]
[WhiteElo "1303"]
[BlackElo "1517"]
[PlyCount "75"]
[GameId "2160767911069471"]
[EventDate "2004.09.04"]
[EventType "swiss"]
[EventRounds "6"]
[EventCountry "CAN"]

1. e4 c5 2. Nf3 d6 3. Bb5+ Bd7 4. Bxd7+ Qxd7 5. O-O Nc6 6. Nc3 Nf6 7. d3 e6 8. Re1 Be7 9. Bf4 O-O 10. Qd2 Nh5 11. Re2 Nxf4 12. Qxf4 h6 13. Qg3 Bf6 14. Rae1 a6 15. a4 Rab8 16. Nd1 Rfd8 17. b3 b5 18. axb5 axb5 19. Ne3 Kh7 20. Ng4 Bc3 21. Rd1 f6 22. h4 h5 23. Ngh2 Ra8 24. Ne1 Ra7 25. Qf3 Qe7 26. Qg3 Be5 27. f4 Bc3 28. Nef3 Rda8 29. f5 e5 30. Nf1 Ra1 31. Ne3 Rxd1+ 32. Nxd1 Ra1 33. Re1 Bxe1 34. Qxe1 Nb4 35. Qd2 Qa7 36. Kh2 Qa2 37. Qe2 Qxc2 38. Ng5+ 1/2-1/2

[Event "Abe Yanofsky mem."]
[Site "Winnipeg CAN"]
[Date "2004.09.05"]
[Round "3"]
[White "Prince, Colin"]
[Black "Tetrault, Charles"]
[Result "1-0"]
[WhiteElo "1746"]
[BlackElo "1550"]
[PlyCount "51"]
[GameId "2160767911069472"]
[EventDate "2004.09.04"]
[EventType "swiss"]
[EventRounds "6"]
[EventCountry "CAN"]

1. e4 c5 2. Nf3 e6 3. d4 cxd4 4. Nxd4 d6 5. Nc3 Be7 6. Bc4 a6 7. Be3 b5 8. Bb3 Bb7 9. f3 Nf6 10. Qd2 Nbd7 11. h4 Nc5 12. O-O-O Qa5 13. Kb1 e5 14. Nf5 Nxb3 15. axb3 b4 16. Na4 Bxe4 17. Nxe7 Bxc2+ 18. Qxc2 Kxe7 19. Bb6 Qb5 20. Qc7+ Qd7 21. Qc4 a5 22. Rxd6 Qf5+ 23. Qd3 e4 24. fxe4 Qxe4 25. Rd7+ Ke6 26. Nc5+ 1-0

[Event "Abe Yanofsky mem."]
[Site "Winnipeg CAN"]
[Date "2004.09.05"]
[Round "3"]
[White "Schulz, Waldemar"]
[Black "Curtis, Rory"]
[Result "1-0"]
[WhiteElo "2122"]
[BlackElo "1689"]
[PlyCount "87"]
[GameId "2160767911069473"]
[EventDate "2004.09.04"]
[EventType "swiss"]
[EventRounds "6"]
[EventCountry "CAN"]

1. d4 d5 2. c4 c6 3. Nc3 Nf6 4. e3 e6 5. Nf3 Be7 6. Bd3 Nbd7 7. O-O O-O 8. b3 Re8 9. Bb2 Bf8 10. Rc1 b6 11. Re1 Bb4 12. a3 Bxc3 13. Bxc3 Ne4 14. Bb2 f5 15. Qc2 Bb7 16. Qe2 Ndf6 17. Ne5 Rc8 18. Rc2 Re7 19. Rec1 Rec7 20. f3 Nd6 21. c5 Nf7 22. Nxf7 Kxf7 23. a4 g5 24. b4 Ng8 25. b5 Ne7 26. e4 f4 27. Qe1 h5 28. Qe2 Qg8 29. Ba3 Qg7 30. Qf2 cxb5 31. axb5 a6 32. c6 Ba8 33. Bd6 Ra7 34. c7 a5 35. Be5 Qg8 36. h4 Ng6 37. exd5 Bxd5 38. hxg5 Nxe5 39. dxe5 Qxg5 40. Qxb6 Rb7 41. Qd4 Bxf3 42. Qd7+ Qe7 43. Bg6+ Kf8 44. Qxc8+ 1-0

[Event "Abe Yanofsky mem."]
[Site "Winnipeg CAN"]
[Date "2004.09.05"]
[Round "3"]
[White "Tyomkin, Dimitri"]
[Black "Zaczek, Jonathon"]
[Result "1-0"]
[WhiteElo "2553"]
[BlackElo "1891"]
[PlyCount "41"]
[GameId "2160767911069474"]
[EventDate "2004.09.04"]
[EventType "swiss"]
[EventRounds "6"]
[EventCountry "CAN"]

1. d4 Nf6 2. c4 g6 3. Nc3 Bg7 4. e4 d6 5. h3 a5 6. Bg5 h6 7. Be3 O-O 8. g4 Nfd7 9. Qd2 Kh7 10. Nge2 Nc6 11. Rg1 e5 12. d5 Ne7 13. Ng3 f5 14. gxf5 gxf5 15. Nxf5 Nxf5 16. exf5 Rxf5 17. Bd3 Nc5 18. Bxc5 dxc5 19. O-O-O Bf6 20. Ne4 Be7 21. Kb1 1-0

[Event "Abe Yanofsky mem."]
[Site "Winnipeg CAN"]
[Date "2004.09.05"]
[Round "3"]
[White "Zhou, Lu"]
[Black "De Groot, Steven"]
[Result "1/2-1/2"]
[WhiteElo "1807"]
[BlackElo "1617"]
[PlyCount "86"]
[GameId "2160767911069475"]
[EventDate "2004.09.04"]
[EventType "swiss"]
[EventRounds "6"]
[EventCountry "CAN"]

1. d4 Nf6 2. c4 g6 3. Nc3 Bg7 4. Nf3 d6 5. g3 O-O 6. Bg2 Na6 7. O-O c5 8. d5 Nc7 9. e4 Bg4 10. h3 Bxf3 11. Qxf3 Rb8 12. Qe2 Nd7 13. f4 e5 14. f5 a6 15. a4 Qe7 16. Be3 Kh8 17. Rf2 Kg8 18. Qd2 Rfd8 19. g4 Ne8 20. Raf1 f6 21. Ne2 g5 22. Ng3 h6 23. Nh5 Bh8 24. h4 b5 25. hxg5 hxg5 26. cxb5 axb5 27. axb5 Rxb5 28. Bf3 Rdb8 29. Qc1 Qd8 30. Bd1 Rb4 31. Ng3 Nf8 32. b3 Nh7 33. Kg2 R4b7 34. Rh1 Nc7 35. Kf3 Nb5 36. Be2 Nd4+ 37. Bxd4 cxd4 38. Bc4 Qa5 39. Qc2 Bg7 40. Rd2 Qa3 41. Rd3 Nf8 42. Nh5 Bh8 43. Qh2 Rh7 1/2-1/2

[Event "Abe Yanofsky mem."]
[Site "Winnipeg CAN"]
[Date "2004.09.05"]
[Round "4"]
[White "Babb, Jeff"]
[Black "Melamedoff, Gustavo"]
[Result "1-0"]
[WhiteElo "2136"]
[BlackElo "2044"]
[PlyCount "83"]
[GameId "2160767911069476"]
[EventDate "2004.09.04"]
[EventType "swiss"]
[EventRounds "6"]
[EventCountry "CAN"]

1. e4 Nf6 2. Nc3 d5 3. exd5 Nxd5 4. g3 Nxc3 5. bxc3 g6 6. Bg2 Bg7 7. Rb1 c6 8. Nf3 O-O 9. O-O Qc7 10. Re1 e5 11. c4 Bg4 12. h3 Bxf3 13. Qxf3 Nd7 14. Ba3 Rfe8 15. Qb3 b6 16. Qa4 Rac8 17. Rb3 Bf8 18. Bxf8 Rxf8 19. Rbe3 a5 20. Qa3 b5 21. cxb5 cxb5 22. c3 Kg7 23. Rb1 Rb8 24. Bf1 b4 25. cxb4 Qd6 26. b5 Qe6 27. Rc1 a4 28. Rc6 Qd5 29. Rd3 Qxb5 30. Rdd6 Qb7 31. Qxa4 Rfd8 32. Qc4 Rdc8 33. Rxc8 Rxc8 34. Qd5 Rc7 35. Qxb7 Rxb7 36. a4 f5 37. Bb5 Nc5 38. Rd5 Ne4 39. a5 Nxd2 40. a6 Rb8 41. Rxd2 Rxb5 42. a7 1-0

[Event "Abe Yanofsky mem."]
[Site "Winnipeg CAN"]
[Date "2004.09.05"]
[Round "4"]
[White "Bist, Jordan"]
[Black "Zhou, Lu"]
[Result "0-1"]
[WhiteElo "1154"]
[BlackElo "1807"]
[PlyCount "60"]
[GameId "2160767911069477"]
[EventDate "2004.09.04"]
[EventType "swiss"]
[EventRounds "6"]
[EventCountry "CAN"]

1. c4 b6 2. Nc3 Bb7 3. d3 e5 4. e3 f5 5. e4 f4 6. Nge2 Nf6 7. d4 d6 8. f3 Nbd7 9. b4 Be7 10. Ba3 O-O 11. Na4 Nh5 12. c5 Bh4+ 13. g3 fxg3 14. hxg3 Nxg3 15. Nxg3 Bxg3+ 16. Ke2 Qf6 17. Bg2 exd4 18. Rc1 Ba6+ 19. b5 Bxb5+ 20. Kd2 Qf4+ 21. Kc2 Bxa4+ 22. Kb1 Bxd1 23. Rhxd1 bxc5 24. Bh3 Ne5 25. Be6+ Kh8 26. Rh1 Rab8+ 27. Ka1 h6 28. Rcg1 Qxf3 29. Rh3 Qc3+ 30. Bb2 Qxb2# 0-1

[Event "Abe Yanofsky mem."]
[Site "Winnipeg CAN"]
[Date "2004.09.05"]
[Round "4"]
[White "Bist, Kent"]
[Black "Cowdrey, Eric"]
[Result "1/2-1/2"]
[WhiteElo "1550"]
[BlackElo "1751"]
[PlyCount "46"]
[GameId "2160767911069478"]
[EventDate "2004.09.04"]
[EventType "swiss"]
[EventRounds "6"]
[EventCountry "CAN"]

1. c4 e5 2. Nc3 Nf6 3. d3 d5 4. cxd5 Nxd5 5. g3 Be7 6. Bg2 Be6 7. Qb3 Nb6 8. Qb5+ c6 9. Qxe5 Bf6 10. Qf4 O-O 11. Nf3 Na6 12. O-O Nc7 13. e4 Rc8 14. Rd1 Qd7 15. Be3 Rfd8 16. Ne5 Qd6 17. d4 Bxe5 18. dxe5 Qe7 19. Bxb6 axb6 20. Qe3 b5 21. Qb6 Ne8 22. b3 Qc7 23. Qxc7 Nxc7 1/2-1/2

[Event "Abe Yanofsky mem."]
[Site "Winnipeg CAN"]
[Date "2004.09.05"]
[Round "4"]
[White "Booth, Kevin"]
[Black "Khedkar, Jay"]
[Result "1/2-1/2"]
[WhiteElo "1194"]
[BlackElo "1948"]
[PlyCount "39"]
[GameId "2160767911069479"]
[EventDate "2004.09.04"]
[EventType "swiss"]
[EventRounds "6"]
[EventCountry "CAN"]

1. d4 d5 2. c4 e6 3. Nc3 Nf6 4. cxd5 exd5 5. g3 Be7 6. Bg2 O-O 7. Nf3 c6 8. O-O Nbd7 9. Re1 Re8 10. Nd2 Nf8 11. e4 dxe4 12. Ndxe4 Nxe4 13. Bxe4 Bf6 14. d5 Bxc3 15. bxc3 cxd5 16. Bg2 Rxe1+ 17. Qxe1 Ng6 18. Be3 Be6 19. Rd1 Qa5 20. Qd2 1/2-1/2

[Event "Abe Yanofsky mem."]
[Site "Winnipeg CAN"]
[Date "2004.09.05"]
[Round "4"]
[White "Boron, Anthony"]
[Black "Hughey, Micah"]
[Result "1/2-1/2"]
[WhiteElo "1984"]
[BlackElo "2012"]
[PlyCount "32"]
[GameId "2160767911069480"]
[EventDate "2004.09.04"]
[EventType "swiss"]
[EventRounds "6"]
[EventCountry "CAN"]

1. e4 e5 2. Nf3 Nc6 3. Bb5 a6 4. Bxc6 bxc6 5. O-O d6 6. h3 Ne7 7. d4 f6 8. c3 Ng6 9. Nbd2 Be7 10. Re1 Be6 11. Nf1 Qd7 12. Ng3 O-O 13. Qd3 Bd8 14. b3 a5 15. Bd2 a4 16. c4 Nf4 1/2-1/2

[Event "Abe Yanofsky mem."]
[Site "Winnipeg CAN"]
[Date "2004.09.05"]
[Round "4"]
[White "Curtis, Rory"]
[Black "Goodman, Clifford"]
[Result "1/2-1/2"]
[WhiteElo "1689"]
[BlackElo "1322"]
[PlyCount "88"]
[GameId "2160767911069481"]
[EventDate "2004.09.04"]
[EventType "swiss"]
[EventRounds "6"]
[EventCountry "CAN"]

1. d4 d5 2. c4 c6 3. cxd5 cxd5 4. Nc3 Nf6 5. Nf3 Bf5 6. Bf4 e6 7. e3 a6 8. Bd3 Bxd3 9. Qxd3 Bb4 10. O-O Bxc3 11. Qxc3 O-O 12. Qb3 Qd7 13. Ne5 Qe7 14. Bg5 Nc6 15. Rac1 Rfc8 16. Nxc6 bxc6 17. Rc5 h6 18. Bxf6 gxf6 19. Rfc1 Rab8 20. Qd3 Qb7 21. b3 Qb4 22. Rxc6 Rxc6 23. Rxc6 Qe1+ 24. Qf1 Qd2 25. Qb1 a5 26. Rc2 Qb4 27. h3 a4 28. Rb2 Qc3 29. b4 Rc8 30. b5 a3 31. Rb3 Qd2 32. Rd3 Rc1+ 33. Kh2 Rxb1 34. Rxd2 Rb2 35. Rd3 Rxa2 36. b6 Rb2 37. Rxa3 Rxb6 38. f4 h5 39. Kg3 Kg7 40. Kf3 Kg6 41. Ra5 f5 42. Ra8 Kg7 43. Kg3 Rb2 44. Kf3 Rc2 1/2-1/2

[Event "Abe Yanofsky mem."]
[Site "Winnipeg CAN"]
[Date "2004.09.05"]
[Round "4"]
[White "De Groot, Steven"]
[Black "Cleto, Sam"]
[Result "0-1"]
[WhiteElo "1617"]
[BlackElo "1873"]
[PlyCount "114"]
[GameId "2160767911069482"]
[EventDate "2004.09.04"]
[EventType "swiss"]
[EventRounds "6"]
[EventCountry "CAN"]

1. e4 b6 2. d4 Bb7 3. Nc3 e6 4. Nf3 Bb4 5. Bd3 h6 6. Bd2 Nf6 7. Qe2 O-O 8. O-O-O a5 9. a3 Bxc3 10. Bxc3 d5 11. Nd2 c5 12. e5 Nfd7 13. Qg4 c4 14. Be2 b5 15. Nb1 Qg5+ 16. Qxg5 hxg5 17. h4 g4 18. h5 f5 19. g3 Nc6 20. h6 g6 21. f3 b4 22. fxg4 bxc3 23. Nxc3 f4 24. gxf4 Rxf4 25. h7+ Kh8 26. Rh6 Nf8 27. Nb5 Ba6 28. Nd6 Ra7 29. c3 Rg7 30. g5 Rxh7 31. Rxh7+ Kxh7 32. Rh1+ Kg8 33. Bd1 Ne7 34. Ne8 Nf5 35. Ba4 Ng3 36. Rh6 Ne2+ 37. Kb1 Rf1+ 38. Kc2 Rf2 39. Nf6+ Kg7 40. Kd1 Nf4 41. Ne8+ Kf7 42. Nf6 Rxb2 43. Kc1 Rb8 44. Nd7 Nxd7 45. Rh7+ Kg8 46. Rxd7 Bb5 47. Bxb5 Rxb5 48. Ra7 Nd3+ 49. Kd2 Nf2 50. a4 Rb8 51. Rxa5 Ne4+ 52. Kc2 Nxg5 53. Rb5 Rxb5 54. axb5 Nf7 55. b6 Nd8 56. Kd2 Kg7 57. Ke3 Kh6 0-1

[Event "Abe Yanofsky mem."]
[Site "Winnipeg CAN"]
[Date "2004.09.05"]
[Round "4"]
[White "Geley, Shawn"]
[Black "Kaptsan, Aron"]
[Result "0-1"]
[WhiteElo "1506"]
[BlackElo "1909"]
[PlyCount "47"]
[GameId "2160767911069483"]
[EventDate "2004.09.04"]
[EventType "swiss"]
[EventRounds "6"]
[EventCountry "CAN"]

1. e4 g6 2. d4 Bg7 3. Nf3 c6 4. e5 d5 5. c4 Bg4 6. Bd3 e6 7. h3 Bxf3 8. Qxf3 Qb6 9. Qe3 Ne7 10. c5 Qc7 11. O-O Nd7 12. Bd2 b6 13. b4 O-O 14. Qg3 Rfe8 15. Bg5 a5 16. Bxe7 Rxe7 17. cxb6 Qxb6 18. Qh4 Ree8 19. bxa5 Rxa5 20. Nc3 Ra3 21. Rfc1 Qa5 22. Ne2 Rxd3 23. Rxc6 Rd2 24. Ng3 0-1

[Event "Abe Yanofsky mem."]
[Site "Winnipeg CAN"]
[Date "2004.09.05"]
[Round "4"]
[White "Katona, John"]
[Black "MacPherson, Al"]
[Result "0-1"]
[WhiteElo "1792"]
[BlackElo "1654"]
[PlyCount "62"]
[GameId "2160767911069484"]
[EventDate "2004.09.04"]
[EventType "swiss"]
[EventRounds "6"]
[EventCountry "CAN"]

1. e4 c5 2. c3 d6 3. d4 cxd4 4. cxd4 Nf6 5. Nc3 a6 6. h3 e6 7. Nf3 b5 8. a3 Bb7 9. Bd3 Nbd7 10. O-O Rc8 11. Qc2 Be7 12. Rd1 O-O 13. Bf4 Nb6 14. Bxd6 Bxd6 15. e5 Bb8 16. exf6 Qxf6 17. Ne4 Qe7 18. Ne5 f5 19. Ng3 Nd5 20. Qd2 Rfd8 21. Ne2 Nf6 22. Qg5 Qd6 23. Nf4 Qe7 24. Be2 Nd5 25. Qxe7 Nxe7 26. Nxe6 Rd6 27. Nc5 Ba8 28. Nf3 Ng6 29. a4 Nf4 30. Bf1 Nxh3+ 31. Kh1 Nxf2+ 0-1

[Event "Abe Yanofsky mem."]
[Site "Winnipeg CAN"]
[Date "2004.09.05"]
[Round "4"]
[White "Klokow, John"]
[Black "Hinds, Ronald"]
[Result "1/2-1/2"]
[WhiteElo "1732"]
[BlackElo "1953"]
[PlyCount "50"]
[GameId "2160767911069485"]
[EventDate "2004.09.04"]
[EventType "swiss"]
[EventRounds "6"]
[EventCountry "CAN"]

1. e4 c5 2. Nf3 e6 3. d4 cxd4 4. Nxd4 Nf6 5. Nc3 d6 6. Bc4 Be7 7. O-O O-O 8. Bb3 Na6 9. Qe2 Nc5 10. Rd1 Qc7 11. Bg5 Nxb3 12. cxb3 a6 13. Rac1 Qa5 14. Bh4 Re8 15. Nf3 Rd8 16. Rd3 b5 17. e5 dxe5 18. Rxd8+ Qxd8 19. Nxe5 Bb7 20. Rd1 Qe8 21. h3 h6 22. Kf1 Rd8 23. Rxd8 Qxd8 24. Qd3 Kf8 25. Qxd8+ Bxd8 1/2-1/2

[Event "Abe Yanofsky mem."]
[Site "Winnipeg CAN"]
[Date "2004.09.05"]
[Round "4"]
[White "Liebzeit, Mick"]
[Black "Prince, Colin"]
[Result "0-1"]
[WhiteElo "1353"]
[BlackElo "1746"]
[PlyCount "44"]
[GameId "2160767911069486"]
[EventDate "2004.09.04"]
[EventType "swiss"]
[EventRounds "6"]
[EventCountry "CAN"]

1. e4 e5 2. d4 exd4 3. c3 d5 4. exd5 Qxd5 5. cxd4 Nf6 6. Nc3 Bb4 7. Nf3 Bg4 8. Be2 Nc6 9. O-O Qh5 10. d5 O-O-O 11. Qb3 Nxd5 12. a3 Bc5 13. Ne4 Bd6 14. Ng3 Bxg3 15. fxg3 Rhe8 16. Bb5 Bxf3 17. Bxc6 bxc6 18. Qxf3 Qxf3 19. gxf3 Re2 20. Rd1 Rde8 21. Bd2 Ne3 22. Bxe3 R8xe3 0-1

[Event "Abe Yanofsky mem."]
[Site "Winnipeg CAN"]
[Date "2004.09.05"]
[Round "4"]
[White "Lipnowski, Samuel"]
[Black "Vincent, Trevor"]
[Result "1/2-1/2"]
[WhiteElo "2126"]
[BlackElo "2023"]
[PlyCount "28"]
[GameId "2160767911069487"]
[EventDate "2004.09.04"]
[EventType "swiss"]
[EventRounds "6"]
[EventCountry "CAN"]

1. d4 f5 2. c4 Nf6 3. Nc3 g6 4. h4 Bg7 5. h5 Nxh5 6. Rxh5 gxh5 7. e4 O-O 8. Qxh5 d6 9. Bh6 Qe8 10. Qh4 Bxh6 11. Qxh6 Qg6 12. Qh4 Qf6 13. Qg3+ Qg6 14. Qh4 Qf6 1/2-1/2

[Event "Abe Yanofsky mem."]
[Site "Winnipeg CAN"]
[Date "2004.09.05"]
[Round "4"]
[White "Nikouline, Alexandre"]
[Black "Tyomkin, Dimitri"]
[Result "0-1"]
[WhiteElo "2000"]
[BlackElo "2553"]
[PlyCount "92"]
[GameId "2160767911069488"]
[EventDate "2004.09.04"]
[EventType "swiss"]
[EventRounds "6"]
[EventCountry "CAN"]

1. e4 c5 2. Nf3 Nc6 3. d4 cxd4 4. Nxd4 Nf6 5. Nc3 d6 6. Bg5 e6 7. Qd2 a6 8. O-O-O Be7 9. f4 Bd7 10. Be2 h6 11. Bh4 g5 12. fxg5 Nh7 13. Kb1 Ne5 14. Nf3 hxg5 15. Bg3 Qc7 16. Nxe5 dxe5 17. Bxe5 Qxe5 18. Qxd7+ Kf8 19. Qd4 Bf6 20. Qxe5 Bxe5 21. Rd7 Rb8 22. Rhd1 Nf6 23. Rd8+ Ke7 24. Rxb8 Rxb8 25. h3 Bxc3 26. bxc3 Nxe4 27. Kb2 Rc8 28. Rd3 f5 29. Bf3 Nc5 30. Rd4 e5 31. Rd5 Ke6 32. c4 Nd7 33. Rd2 e4 34. Be2 Ne5 35. Kb3 Nc6 36. Rd5 Rd8 37. g3 Nd4+ 38. Kb2 Rxd5 39. cxd5+ Kxd5 40. Bh5 f4 41. gxf4 gxf4 42. c3 Nf5 43. Kc2 f3 44. Kd2 Ke5 45. Bf7 e3+ 46. Kd1 b5 0-1

[Event "Abe Yanofsky mem."]
[Site "Winnipeg CAN"]
[Date "2004.09.05"]
[Round "4"]
[White "Rutter, Blair"]
[Black "Milord, Frank"]
[Result "1-0"]
[WhiteElo "1662"]
[BlackElo "1541"]
[PlyCount "67"]
[GameId "2160767911069489"]
[EventDate "2004.09.04"]
[EventType "swiss"]
[EventRounds "6"]
[EventCountry "CAN"]

1. c4 Nf6 2. g3 e6 3. Bg2 c6 4. Nc3 d5 5. cxd5 exd5 6. d4 h6 7. f4 Bd6 8. Nf3 O-O 9. Qc2 Re8 10. O-O Nbd7 11. Re1 Nf8 12. Ne5 Ng4 13. e4 dxe4 14. Nxe4 Bc7 15. Qc3 Bb6 16. Nc5 Nxe5 17. fxe5 Bxc5 18. Qxc5 Ne6 19. Qc3 Qxd4+ 20. Be3 Qxc3 21. bxc3 g5 22. Rab1 Nc7 23. Bf2 Nb5 24. c4 Na3 25. Rbc1 Be6 26. Bf1 b5 27. cxb5 Nxb5 28. Rxc6 Reb8 29. a4 Na3 30. Bg2 Rc8 31. Ra6 Rab8 32. Rxa7 Rb1 33. Rxb1 Nxb1 34. Ra8 1-0

[Event "Abe Yanofsky mem."]
[Site "Winnipeg CAN"]
[Date "2004.09.05"]
[Round "4"]
[White "Schulz, Waldemar"]
[Black "Jarmasz, Mark"]
[Result "1/2-1/2"]
[WhiteElo "2122"]
[BlackElo "1915"]
[PlyCount "50"]
[GameId "2160767911069490"]
[EventDate "2004.09.04"]
[EventType "swiss"]
[EventRounds "6"]
[EventCountry "CAN"]

1. Nf3 Nf6 2. g3 g6 3. Bg2 Bg7 4. O-O O-O 5. d4 d5 6. c4 c6 7. Nc3 dxc4 8. a4 Qa5 9. e4 Qh5 10. Ne5 Qxd1 11. Rxd1 Be6 12. Bf1 Nbd7 13. Nxc4 Rfd8 14. f3 Ne8 15. Bf4 Bxc4 16. Bxc4 Nb6 17. Bb3 Bxd4+ 18. Kg2 Kg7 19. a5 e5 20. axb6 exf4 21. bxa7 Rd6 22. gxf4 Rxa7 23. e5 Rxa1 24. Rxa1 Rd8 25. Rd1 Bb6 1/2-1/2

[Event "Abe Yanofsky mem."]
[Site "Winnipeg CAN"]
[Date "2004.09.05"]
[Round "4"]
[White "Spraggett, Kevin"]
[Black "Baragar, Fletcher"]
[Result "1-0"]
[WhiteElo "2584"]
[BlackElo "2271"]
[PlyCount "69"]
[GameId "2160767911069491"]
[EventDate "2004.09.04"]
[EventType "swiss"]
[EventRounds "6"]
[EventCountry "CAN"]
[SourceTitle "CBM 102 Extra"]
[Source "ChessBase"]
[SourceDate "2004.11.03"]
[SourceVersion "1"]
[SourceVersionDate "2004.11.03"]
[SourceQuality "1"]

1. e4 e6 2. d4 d5 3. Nc3 Bb4 4. e5 c5 5. a3 Bxc3+ 6. bxc3 Ne7 7. Nf3 Qa5 8. Bd2 Nbc6 9. Be2 Bd7 10. O-O c4 11. Ng5 h6 12. Nh3 O-O-O 13. Nf4 g6 14. Re1 Rdf8 15. Bg4 Nd8 16. a4 Ndc6 17. Ne2 f5 18. exf6 Rxf6 19. Nf4 Nf5 20. g3 Rhf8 21. Re2 Ng7 22. Qe1 Nd8 23. h4 Qc7 24. Ng2 g5 25. hxg5 hxg5 26. Bxg5 Rg6 27. f4 Nf7 28. Nh4 Rxg5 29. fxg5 Nxg5 30. Ng6 Rf6 31. Ne5 Nf5 32. Rh2 Qd8 33. Nxd7 Kxd7 34. Qe5 Rf8 35. Rf1 1-0

[Event "Abe Yanofsky mem."]
[Site "Winnipeg CAN"]
[Date "2004.09.05"]
[Round "4"]
[White "Tetrault, Claude"]
[Black "Still, Graham"]
[Result "1/2-1/2"]
[WhiteElo "1517"]
[BlackElo "1328"]
[PlyCount "109"]
[GameId "2160767911069492"]
[EventDate "2004.09.04"]
[EventType "swiss"]
[EventRounds "6"]
[EventCountry "CAN"]

1. d4 e6 2. c4 Nc6 3. Nc3 Bb4 4. Nf3 b6 5. g3 Bb7 6. Bg2 Nf6 7. O-O Ne7 8. Qc2 d5 9. cxd5 Nfxd5 10. Nxd5 Nxd5 11. Qa4+ Qd7 12. Qxd7+ Kxd7 13. Ne5+ Ke7 14. Nd3 Bd6 15. Bd2 Rac8 16. a3 a5 17. Rfd1 c5 18. dxc5 Bxc5 19. Nxc5 Rxc5 20. b4 axb4 21. axb4 Rc7 22. f4 Rb8 23. Bxd5 Bxd5 24. f5 Rbc8 25. Bf4 Rc4 26. fxe6 Bxe6 27. Kf2 h6 28. Ra7+ Kf6 29. Bd6 Bf5 30. Be7+ Ke5 31. Rb7 R8c6 32. b5 Re6 33. Bd8 Rb4 34. Bxb6 Be4 35. Rxf7 Rxb6 36. Rxg7 R4xb5 37. Rdd7 Rf6+ 38. Ke3 Rb3+ 39. Kd2 Rd6+ 40. Ke1 Rxd7 41. Rxd7 Rb6 42. Rf7 Kd4 43. Kf2 Ke5 44. Ke3 Bd5 45. Rf4 Rc6 46. Rh4 Rc3+ 47. Kd2 Rc6 48. Ke3 Rf6 49. Ra4 Kd6 50. Kd4 Bf7 51. Ra5 Re6 52. e4 Bg6 53. Ra6+ Ke7 54. Rxe6+ Kxe6 55. e5 1/2-1/2

[Event "Abe Yanofsky mem."]
[Site "Winnipeg CAN"]
[Date "2004.09.05"]
[Round "4"]
[White "Van Wyk, Joseph"]
[Black "McTavish, David"]
[Result "0-1"]
[WhiteElo "1932"]
[BlackElo "2207"]
[PlyCount "60"]
[GameId "2160767911069493"]
[EventDate "2004.09.04"]
[EventType "swiss"]
[EventRounds "6"]
[EventCountry "CAN"]

1. e4 c5 2. c3 Nf6 3. e5 Nd5 4. d4 cxd4 5. cxd4 d6 6. exd6 e6 7. Nc3 Bxd6 8. g3 Nxc3 9. bxc3 Qc7 10. Bd2 b6 11. Nf3 Bb7 12. Bg2 Nc6 13. O-O Na5 14. Re1 O-O 15. Rc1 Nc4 16. Qe2 Rac8 17. Rc2 Rfe8 18. Qd3 h6 19. Bc1 Bd5 20. g4 Bxf3 21. Bxf3 Bxh2+ 22. Kg2 Bf4 23. Rh1 Bxc1 24. Rcxc1 Qf4 25. Rcg1 Qd2 26. Qe4 Nd6 27. Qe5 Nc4 28. Qb5 Ne3+ 29. Kg3 Nd5 30. c4 Nc3 0-1

[Event "Abe Yanofsky mem."]
[Site "Winnipeg CAN"]
[Date "2004.09.05"]
[Round "4"]
[White "Wang, Yijia"]
[Black "Greenberg, Harley"]
[Result "0-1"]
[WhiteElo "1222"]
[BlackElo "1781"]
[PlyCount "44"]
[GameId "2160767911069494"]
[EventDate "2004.09.04"]
[EventType "swiss"]
[EventRounds "6"]
[EventCountry "CAN"]

1. Nf3 Nf6 2. Nc3 g6 3. e4 d6 4. g3 c5 5. Bg2 Bg7 6. O-O Nc6 7. d3 O-O 8. a3 a6 9. Bd2 Bd7 10. Qc1 Re8 11. Re1 Rb8 12. Bh6 Bh8 13. Bg5 Qc8 14. e5 Ng4 15. exd6 exd6 16. Rxe8+ Bxe8 17. Bh3 f5 18. Nd5 Bf7 19. c4 Bxd5 20. cxd5 Nce5 21. Nxe5 Nxe5 22. Qd2 Nf3+ 0-1